000 00544nam a2200217Ia 4500
003 OSt
005 20220924134541.0
006 a|||||r|||| 00| 0
007 ta
008 220923b |||||||| |||| 00| 0 rus d
024 _a276555
037 _cTextual
040 _aARTS
_cARTS
_brus
041 _2rus
_arus
082 _aU8, [142M0]
100 _aMaria F Vincenzo
_9208658
245 0 _aAll indif orientali del padre
260 _c1980
942 _hU8, [142M0]
_cTEXL
_2CC
999 _c437752
_d437752